000 00586nam a2200169Ia 4500
003 LDD
008 190117s9999 xx 000 0 und d
020 _a8170550947
_c₹45
040 _cLDD
041 _ahi
082 _a8H3.709
100 _aयायावर, भारत
245 0 _aरेणु से भेट
_b फणीश्वरनाथ रेंणु से भेट वार्त्ताओं का संकलन
_cभारत यायावर
260 _aनई दिल्ली
_bवाणी
_c1987
300 _a128प्र.
942 _2ddc
_cH
999 _c167843
_d167843